| 000 | 00460nam a2200181Ia 4500 | ||
|---|---|---|---|
| 008 | 230711s9999||||xx |||||||||||||| ||und|| | ||
| 020 | _a978-93-325-1814-8 | ||
| 041 | _aENG | ||
| 082 |
_a658.472 _bTU-B |
||
| 100 | _aTurban,Efraim | ||
| 245 | 0 | _aBusiness intelligence : a managerial approach | |
| 250 | _a2nd Ed. | ||
| 260 |
_c2014 _aNew Delhi _bPearson |
||
| 300 | _a288p. | ||
| 650 | _aUNIVESITY BUSNIESS SCHOOL | ||
| 700 | _aSharda,Ramesh | ||
| 942 | _cBK | ||
| 999 |
_c6022 _d6022 |
||